| 000 | 00533cam a22002291 4500 | ||
|---|---|---|---|
| 001 | sa 66002199 | ||
| 003 | DLC | ||
| 005 | 20260227112227.0 | ||
| 008 | 940426m19641965ii 000 1 benr | ||
| 010 | _asa 66002199 | ||
| 025 | _aPL480:EP-B-897 | ||
| 035 | _a(OCoLC)30334213 | ||
| 040 |
_aDLC _cCU _dCU _dDLC |
||
| 042 | _apremarc | ||
| 050 | 0 | 0 |
_aPK1730.12.S5 _bH3 |
| 100 | 1 | _aAshraf, Shaheed. | |
| 245 | 1 | 0 | _aHārāno sura. |
| 260 | _c[1964/65] | ||
| 300 |
_a83 p. _c19 cm. |
||
| 500 | _aIn Bengali. | ||
| 500 | _aA novel. | ||
| 999 |
_c68211 _d68211 |
||